Building sound bones and muscles. (Record no. 8103)

MARC details
000 -LEADER
fixed length control field 00579nam a2200205Ia 4500
003 - CONTROL NUMBER IDENTIFIER
control field IN-BaIIA
008 - FIXED-LENGTH DATA ELEMENTS--GENERAL INFORMATION
fixed length control field 211028s9999 xx 000 0 eng d
020 ## - INTERNATIONAL STANDARD BOOK NUMBER
International Standard Book Number 0-8094-3787-2
040 ## - CATALOGING SOURCE
Transcribing agency IIA Library
080 ## - UNIVERSAL DECIMAL CLASSIFICATION NUMBER
Universal Decimal Classification number GEN
Item number TLB
100 ## - MAIN ENTRY--PERSONAL NAME
Personal name Allen Oliver
9 (RLIN) 13654
245 #0 - TITLE STATEMENT
Title Building sound bones and muscles.
Statement of responsibility, etc. E. Allen Oliver
260 ## - PUBLICATION, DISTRIBUTION, ETC.
Place of publication, distribution, etc. Virginia
Name of publisher, distributor, etc. Time-Life Books
Date of publication, distribution, etc. 1981
300 ## - PHYSICAL DESCRIPTION
Extent 176p.
650 ## - SUBJECT ADDED ENTRY--TOPICAL TERM
Topical term or geographic name entry element Bones
9 (RLIN) 13655
650 ## - SUBJECT ADDED ENTRY--TOPICAL TERM
Topical term or geographic name entry element Muscles
9 (RLIN) 13656
650 ## - SUBJECT ADDED ENTRY--TOPICAL TERM
Topical term or geographic name entry element Musculo skeletal system
9 (RLIN) 13657
710 ## - ADDED ENTRY--CORPORATE NAME
Corporate name or jurisdiction name as entry element Editors of Time
9 (RLIN) 13658
942 ## - ADDED ENTRY ELEMENTS (KOHA)
Koha item type Books
Holdings
Withdrawn status Lost status Damaged status Not for loan Home library Current library Shelving location Date acquired Cost, normal purchase price Total Checkouts Full call number Barcode Date last seen Cost, replacement price Price effective from Koha item type Purchase Price
        IIA Library-Bangalore IIA Library-Bangalore General Stacks 21/02/1985 190.00   GEN/ TLB 8940 05/11/2021 190.00 21/02/1985 Books Rs. 190.00

Powered by Koha